| 000 | 00656cam a22002171 4500 | ||
|---|---|---|---|
| 001 | he 67002079 | ||
| 003 | DLC | ||
| 005 | 20260227111451.0 | ||
| 008 | 840808s1894 pl 000 0 heb | ||
| 010 | _ahe 67002079 | ||
| 035 | _a(OCoLC)19184190 | ||
| 040 |
_aDLC _cMH _dDLC |
||
| 042 | _apremarc | ||
| 050 | 0 | 0 |
_aBM504.2 _b.T48 1960z |
| 100 | 2 |
_aTeomim-Fraenkel, Baruch ben Joshua Feivel, _d-1828. |
|
| 245 | 1 | 0 |
_aBarukh ṭaʻam / _c...ʻim hagahot Divre ḥayim...Ḥayim Halbershṭam. |
| 260 |
_aKraków : _bBi-defuso shel Y. Fisher _c[1894 or 1895] |
||
| 300 |
_a208 p. ; _c27 cm. |
||
| 630 | 0 | 0 |
_aTalmud _xCommentaries. |
| 752 |
_aPoland _dKraków |
||
| 999 |
_c32723 _d32723 |
||